Comportamiento electoral en las elecciones municipales en Costa Rica Período 1994-2002 /

שמור ב:
מידע ביבליוגרפי
מחבר ראשי: Alfaro Redondo, Rónald
פורמט: Texto
נושאים:
תגים: הוספת תג
אין תגיות, היה/י הראשונ/ה לתייג את הרשומה!

MARC

LEADER 00000 a a2200000 04500
001 16802
003
040
100 |a Alfaro Redondo, Rónald  
245 |a Comportamiento electoral en las elecciones municipales en Costa Rica Período 1994-2002 /  |c Rónald Alfaro Redondo 
650 |a ELECCIONES  
650 |a GOBIERNO LOCAL  
650 |a COMPORTAMIENTO POLITICO  
650 |a PARTIDOS POLITICOS  
650 |a PLURALISMO POLITICO  
650 |a PARTICIPACION DE LA MUJER  
650 |a GOBIERNO LOCAL  
650 |a PARTIDOS POLITICOS  
650 |a ELECCIONES  
773 |g volumen 10, número 3; páginas 203-244  
999 |c 32655  |d 32655